logo

Bir Sreshtho Munshi Abdur Rouf Library
Jhenaidah Cadet College

School, Libraries A Short Manual / (Record no. 6854)

MARC details
000 -LEADER
fixed length control field 00592nam a2200229 a 4500
001 - CONTROL NUMBER
JCCL Control Number 6854
003 - CONTROL NUMBER IDENTIFIER
JCCL marc code BD-JhCC
005 - DATE AND TIME OF LATEST TRANSACTION
control field 20180131104359.0
008 - FIXED-LENGTH DATA ELEMENTS--GENERAL INFORMATION
fixed length control field 180131s1958 e a|||| || | 000 0 eng d
035 ## - SYSTEM CONTROL NUMBER
system control number (BD-JhCC)6854
040 ## - CATALOGING SOURCE
Original cataloging agency BD-JhCC
Modifying agency BD-JhCC
041 ## - LANGUAGE CODE
Language code of Book eng
082 ## - DEWEY DECIMAL CLASSIFICATION NUMBER
Classification number 027.82
Author mark and Year STO 1958
100 ## - MAIN ENTRY--PERSONAL NAME
Personal name Stott, C. A.
245 ## - TITLE STATEMENT
Title School, Libraries A Short Manual /
Statement of responsibility, etc C. A. Stott,
260 ## - PUBLICATION, DISTRIBUTION, ETC. (IMPRINT)
Place of publication, distribution, etc London :
Name of publisher, distributor, etc Cambridge University Press,
Date of publication, distribution, etc 1958
300 ## - PHYSICAL DESCRIPTION
Pagination 148 p. :
Dimensions 20 cm.
650 ## - SUBJECT ADDED ENTRY--TOPICAL TERM
Topical term or geographic name as entry element School Libraries
650 ## - SUBJECT ADDED ENTRY--TOPICAL TERM
Topical term or geographic name as entry element Academic Libraries
942 ## - ADDED ENTRY ELEMENTS (KOHA)
Source of classification or shelving scheme Dewey Decimal Classification
Koha item type Books
Holdings
Source of classification or shelving scheme Damaged status Not for loan Home library Current library Shelving location Date of accession Total Checkouts Full call number Barcode Date last seen Copy number Koha item type
Dewey Decimal Classification     JCC Rouf Library JCC Rouf Library General Stacks 01/31/2018   027.82 STO 1958 9399 01/31/2018 C-1 Books

JCC Library | Contacts | JCC Home

Last Update on 23 September 2017
Copyright @ 2017-2020 JCC Rouf Library
Rouf Library, Jhenidah Cadet College (JCC), Bangladesh